000 00849nam a2200289 a 4500
001 34564
003 AR-BaAGN
005 20231116145517.0
007 ta
008 220625s1995 ag |||||r|||| ||||||spa d
040 _aAR-BaAGN
_bspa
_eaacr
100 1 _aRomero Carranza, Ambrosio
245 1 0 _aVida y testimonio de Félix Frías
250 _a1ª ed.
260 _aBuenos Aires :
_bAcademia Nacional de Derecho y Ciencias Sociales de Buenos Aires,
_c1995.
300 _a506 páginas
336 _2rdacontent
_btxt
337 _2rdamedia
_bn
338 _2rdacarrier
_bnc
490 0 _aObras - Serie II ;
_v24
600 1 4 _aFrías, Félix,
_d1816-1881
650 4 _aBIOGRAFÍA
_91475
700 1 _aQuesada, Juan Isidro
710 1 _aAcademia Nacional de Derecho y Ciencias Sociales de Buenos Aires
942 _cLIBRO
999 _c34564
_d34564